Statistiques concernant Culture Générale - Série 1811

Cliquez ici pour prendre le quiz!

Statistiques générales

  • Ce quiz a été pris 152 fois
  • Le résultat moyen est 6 sur 10

Statistiques - réponses

QuestionRéponse% Correct
De quel pays Luiz Inácio Lula da Silva, plus connu sous le nom de Lula, a-t-il été le Président ?Brésil
92%
Lorsqu'une personne est distraite, le regard dans le vague, on peut dire qu'elle «baye aux ...corneilles
88%
Qui a écrit le roman "La peste" en 1947 ?Albert Camus
86%
Dans quel pays Pol Pot a-t-il été dictateur ?Cambodge
80%
Dans quel pays se trouve la baie d'Along ?Viet Nam
79%
Quel nom donne-t-on à une condamnation prononcée à l'encontre d'une personne non présente au tribunal ?contumace
51%
Quel mot d'origine allemande signifie "produit de remplacement" ?ersatz
51%
De quelle lettre grecque la croix de Saint-Antoine a-t-elle la forme ?tau
32%
Qui est l’auteur des Plaideurs ? Jean Racine
24%
Comment appelle-t-on le mammifère rongeur de la taille d'un lièvre et pouvant peser jusqu'à 2 Kg, très présent en Guyane ?agouti
8%

Distribution des résultats

Percentile par nombre de réponses

% des personnes avec chaque résultat

Votre développement - résultats

Vous n’avez pas pris ce quiz